Determinants of e-commerce adoption among Malaysian SMEs /
Saved in:
| Main Author: | |
|---|---|
| Format: | Thesis Book |
| Language: | English |
| Published: |
2011.
|
| Subjects: | |
| Online Access: | http://studentsrepo.um.edu.my/id/eprint/1320 |
| Tags: |
Add Tag
No Tags, Be the first to tag this record!
|
| LEADER | 01401cam a2200325 a 4500 | ||
|---|---|---|---|
| 001 | u843105 | ||
| 003 | SIRSI | ||
| 005 | 201111021101 | ||
| 008 | 111102s2011 my a t 000 0 eng m | ||
| 040 | |a UMM |d UMK |d AUM |e rda | ||
| 043 | |a a-my--- | ||
| 090 | |a HF1008 |b UM 2011 Khaamz | ||
| 098 | |a HF1008 |b UM 2011 Khaamz | ||
| 100 | 0 | |a Khairul Anwar Mohamad Zaki. | |
| 245 | 1 | 0 | |a Determinants of e-commerce adoption among Malaysian SMEs / |c Khairul Anwar bin Mohamad Zaki. |
| 260 | |c 2011. | ||
| 300 | |a [1] vi, 87 leaves : |b ill. ; |c 30 cm. | ||
| 502 | |a Dissertation (M.B.A.) -- Fakulti Perniagaan dan Perakaunan, Universiti Malaya, 2011. | ||
| 504 | |a Bibliography: leaves 67-82. | ||
| 530 | |a Also issued in CD. | ||
| 650 | 0 | |a Electronic commerce |z Malaysia. | |
| 650 | 0 | |a Small business |z Malaysia |x Data processing. | |
| 650 | 0 | |a Business enterprises |z Malaysia |x Data processing. | |
| 710 | 2 | |a Universiti Malaya. |b Fakulti Perniagaan dan Perakaunan. | |
| 856 | 4 | 1 | |u http://studentsrepo.um.edu.my/id/eprint/1320 |
| 900 | |a NHS-ZA | ||
| 596 | |a 1 19 25 | ||
| 999 | |a HF1008 UM 2011 KHAAMZ |w LC |c 1 |i A514957299 |d 9/7/2016 |e 9/7/2016 |f 1/6/2012 |g 1 |l STACKS |m P01UTAMA |n 6 |r Y |s Y |t TESIS |u 31/5/2012 | ||
| 999 | |a HF1008 UM 2011 KHAAMZ |w LC |c 1 |i A514957285 |d 10/7/2012 |f 10/7/2012 |g 1 |l STACKS |m P19KOTA |r Y |s Y |t TESIS |u 5/7/2012 | ||
| 999 | |a HF1008 UM 2011 KHAAMZ |w LC |c 1 |i A514957308 |l STACKS |m P25UMARCHI |r Y |s Y |t CD |u 26/10/2017 |1 AHSS | ||
